Psicología profunda y ética / (Record no. 149538)

MARC details
000 -LEADER
campo de control de longitud fija 00972nam a2200277 i 4500
001 - NÚMERO DE CONTROL
campo de control 149538
003 - IDENTIFICADOR DE NÚMERO DE CONTROL
campo de control ES-MaACL
005 - FECHA Y HORA DE LA ÚLTIMA TRANSACCIÓN
campo de control 20251005063118.0
007 - CAMPO FIJO DE DESCRIPCIÓN FÍSICA--INFORMACIÓN GENERAL
campo de control de longitud fija t|
008 - DATOS DE LONGITUD FIJA--INFORMACIÓN GENERAL
campo de control de longitud fija 071023s1970 sp ||||1| spa d
080 ## - NÚMERO DE LA CLASIFICACIÓN DECIMAL UNIVERSAL
Número de la Clasificación Decimal Universal 17
080 ## - NÚMERO DE LA CLASIFICACIÓN DECIMAL UNIVERSAL
Número de la Clasificación Decimal Universal 159.964
100 0# - ENTRADA PRINCIPAL--NOMBRE DE PERSONA
Nombre de persona Vázquez Fernández, Francisco,
Fechas asociadas al nombre 1933-
9 (RLIN) 113440
245 10 - MENCIÓN DEL TÍTULO
Título Psicología profunda y ética /
Mención de responsabilidad, etc. Francisco Vázquez, Antonio Vázquez.
260 ## - PUBLICACIÓN, DISTRIBUCIÓN, ETC.
Lugar de publicación, distribución, etc. Madrid :
Nombre del editor, distribuidor, etc. Instituto de Criminología de la Universidad de Madrid,
Fecha de publicación, distribución, etc. 1970.
300 ## - DESCRIPCIÓN FÍSICA
Extensión XXI, 606 p. ;
Dimensiones 23 cm.
490 1# - MENCIÓN DE SERIE
Mención de serie Colección de criminología y derecho penal ;
Designación de volumen o secuencia 4
650 #7 - PUNTO DE ACCESO ADICIONAL DE MATERIA--TÉRMINO DE MATERIA
Término de materia o nombre geográfico como elemento de entrada Ética
Fuente del encabezamiento o término embne
9 (RLIN) 12577
650 #4 - PUNTO DE ACCESO ADICIONAL DE MATERIA--TÉRMINO DE MATERIA
Término de materia o nombre geográfico como elemento de entrada Psicoanálisis.
9 (RLIN) 16530
700 1# - ENTRADA AGREGADA--NOMBRE PERSONAL
Nombre de persona Vázquez Fernández, Antonio.
9 (RLIN) 113439
710 2# - ENTRADA AGREGADA--NOMBRE DE ENTIDAD CORPORATIVA
Nombre de entidad corporativa o nombre de jurisdicción como elemento de entrada Universidad de Madrid.
Unidad subordinada Instituto de Criminología.
9 (RLIN) 173852
830 1# - PUNTO DE ACCESO ADICIONAL DE SERIE-TÍTULO UNIFORME
Título uniforme Colección de criminología y derecho penal ;
Designación de volumen o secuencia 4
9 (RLIN) 187567
852 4# - LOCALIZACIÓN
Ubicación ES-MaACL
Número de control de estantería C-36603
852 4# - LOCALIZACIÓN
Ubicación ES-MaACL
Número de control de estantería C-44560
Holdings
Estatus retirado Estado de pérdida Estado de daño No para préstamo Biblioteca de origen Biblioteca actual Ubicación en estantería Fecha de adquisición Fuente de adquisición Total de préstamos Signatura topográfica completa Código de barras Visto por última vez Precio de reemplazo Tipo de ítem Koha
        Biblioteca del Ateneo de Madrid Biblioteca del Ateneo de Madrid Depósito 2 17/01/2008     C-44560 1156048 23/02/2023 23/02/2023 Libro impreso
        Biblioteca del Ateneo de Madrid Biblioteca del Ateneo de Madrid Depósito 2 17/01/2008     C-36603 1156047 23/02/2023 23/02/2023 Libro impreso